| 000 | 00693nab a2200193 4500 | ||
|---|---|---|---|
| 001 | 244442 | ||
| 003 | OSt | ||
| 005 | 20230628150821.0 | ||
| 007 | tu | ||
| 008 | 200917s2020||||||| | ||
| 040 |
_aDE-2950 _cDE-2950 |
||
| 245 | 0 | 0 |
_aProteste gegen den jungen Staat. _bJahrestag. Die wirtschaftlichen und politischen Verhältnisse trieben vor 70 Jahren viele Menschen in der DDR auf die Straßen. Auch in Frankfurt (Oder) regte sich am 17. Juni 1953 Unmut / _cPhilipp Stepputtis |
| 264 | _c2023 | ||
| 653 | _aFrankfurt (Oder) | ||
| 653 | _a17. Juni 1953 | ||
| 653 | _aJahrestag | ||
| 773 | 0 |
_g34. Jahrgang (2023) Nr. 139 vom 17.06.2023, S. 17: mit Foto _tMärkische Oderzeitung |
|
| 942 |
_2z _cA |
||
| 999 |
_c372582 _d372582 |
||